| 000 | 00491nam a22001817a 4500 | ||
|---|---|---|---|
| 999 |
_c2863 _d2863 |
||
| 005 | 20181018234732.0 | ||
| 008 | 181018b ||||| |||| 00| 0 eng d | ||
| 020 | _a8172141173 | ||
| 040 | _cDLC | ||
| 082 |
_a226.80 _bH279G |
||
| 100 | _aHargreaves, John | ||
| 245 |
_a A guide to the parables _cJohn Hargreaves |
||
| 260 |
_aDelhi _bISPCK _c1979 |
||
| 300 | _axi, 132p,; | ||
| 650 |
_aParables--Study and teaching _xBible |
||
| 650 |
_aParables, Biblical _xJesus Christ |
||
| 942 |
_2ddc _cBK |
||